Statistics for World Capital Cities True or False

Click here to take the quiz!

General Stats

  • This quiz has been taken 193 times
  • The average score is 9 of 15

Answer Stats

QuestionAnswer% Correct
Washington DC and Ottawa are in the same time zoneTrue
80%
Athens is bigger than ViennaTrue
78%
Джакарта is how you spell Jakarta in RussianTrue
75%
St John's is Dominica's capitalFalse
71%
Bloemfontein means "Blooming Fountain" in AfrikaansTrue
71%
The only W national capitals are Washington, Wellington and WindhoekFalse
60%
Ulaan Baatar is north of LondonFalse
57%
Astana means "Capital" in KazakhTrue
57%
The closest national capital to Jakarta is DiliFalse
54%
Sofia lies on the DanubeFalse
54%
For most of Pakistan's existence, its capital has been its largest city, KarachiFalse
53%
When driving from La Paz to Lima, you'd have to drive through a third country to get thereFalse
52%
Kabul is higher than KathmanduTrue
43%
The antipodal (opposite side of the world) point from Santiago is within 1000 km of MoscowFalse
39%
Since the Republic of Turkey was founded in 1923, it has only had one capitalTrue
37%

Score Distribution

Percentile by Number Answered

Percent of People with Each Score

Your Score History

You have not taken this quiz